000
00215 a2200109 4500
003
Nust
005
20170207154230.0
040
_c
Nust
082
_a
371.33
245
_a
U-571 (VHS-378)
440
_a
U-571 (VHS-378)
538
_a
Duration Mins 116
999
_c
195815
_d
195815